000
00327nam a22001337a 4500
008
170322b xxu||||| |||| 00| 0 eng d
020
_a
9780721676838
041
_a
eng
080
_2
2ND
_a
616.12-008-073
100
_a
7
101
_a
SHM
245
_a
CLINICAL CARDIAC PACING AND DEFIBRILLATION
_c
ELLENBOGEN
942
_2
udc
_c
BK
999
_c
8334
_d
8334